| 000 | 00359nam a2200133Ia 4500 | ||
|---|---|---|---|
| 008 | 240624s9999 xx 000 0 und d | ||
| 041 | _aeng | ||
| 082 | _a153.8 HIL | ||
| 100 | _aHILL NAPOLEON | ||
| 245 | _aESSENCE OF LAW OF SUCCESS 17 MAGIC PRINC | ||
| 260 |
_c2010 _aMumbai _bJaico Publishing House |
||
| 300 | _axv, : 187 : p. : cm. ; 21 | ||
| 365 |
_cRS _b15 |
||
| 999 |
_c14584 _d14584 |
||